[Event "Gelsenkirchen Silvester op 2nd"]
[Site "Gelsenkirchen"]
[Date "2014.12.28"]
[Round "3"]
[White "Pfennig, Martin"]
[Black "Raygrotzki, Norbert"]
[Result "0-1"]
[WhiteElo "1423"]
[BlackElo "1927"]
[PlyCount "40"]
[EventDate "2014.12.27"]
[EventType "swiss"]
[EventRounds "5"]
[EventCountry "GER"]
[SourceTitle "EXT 2019"]
[Source "ChessBase"]
[SourceDate "2018.10.10"]
[SourceVersion "1"]
[SourceVersionDate "2018.10.10"]
[SourceQuality "1"]

1. d4 Nf6 2. Bg5 Ne4 3. Bf4 c5 4. f3 Nf6 5. c3 e6 6. e4 d5 7. Bb5+ Nc6 8. e5 Nd7 9. Ne2 Qb6 10. Bxc6 bxc6 11. Qc2 Ba6 12. Be3 cxd4 13. cxd4 Bb4+ 14. Nbc3 Nxe5 15. a3 Bxc3+ 16. Qxc3 Qxb2 17. Bd2 Nd3+ 18. Kf1 Qxc3 19. Bxc3 Nf4 20. Ra2 Nxe2 0-1